000 00964cam a22002651i 4500
003 SA-RiAUC
005 20241002141110.0
008 241001s1987 le g d 00100 ara c
040 _aSA-RiAUC
_bara
_cSA-RiAUC
_erda
050 0 0 _bH5364 1987
082 0 4 _a260.3
_qSA-RiAUC
090 _a260.3
_bح ف ن
100 1 _aالحفني، عبد المنعم محمد
_eمؤلف.
245 1 0 _aمعجم مصطلحات الصوفية /
_cتأليف عبد المنعم الحفني.
250 _aالطبعة الثانية.
264 1 _aبيروت :
_bدار المسيرة،
_c1987
300 _a273 صفحة ؛
_c24 سم
336 _aنص
_btxt
_2rdacontent
_3كتاب
337 _aبدون وسيط
_bn
_2rdamedia
338 _aمجلد
_bnc
_2rdacarrier
500 _aيشتمل على كشاف.
650 7 _aالتصوف الإسلامي
_vمعجم مصطلحات
_2aucsh
942 _2ddc
_cBOOK
_n0
949 _aSA-JeALM
_d241001
_umohamedma123
_n1
999 _c803
_d803